Fourth progress report on East Timor.
| Format: | Book |
|---|---|
| Published: |
Manila:
Asia Development Bank,
2002.
|
| Subjects: |
| LEADER | 00447cam a2200145 7i4500 | ||
|---|---|---|---|
| 001 | 0000012181 | ||
| 005 | 20030611090000.0 | ||
| 090 | 0 | 0 | |a E.T 382 |b FOU |
| 245 | 0 | 0 | |a Fourth progress report on East Timor. |
| 260 | 0 | 0 | |a Manila: |b Asia Development Bank, |c 2002. |
| 300 | # | # | |a 168 p. |
| 650 | 0 | 0 | |a Development plan -- |z East Timor |
| 650 | 0 | 0 | |a Development project -- |z East Timor |
| 651 | 0 | 0 | |a East Timor |
| 999 | |a 0000014228 |b Book |c Countries |e Business Information Centre | ||